Papercuts - Linkin Park - Statistics

General Stats
  • This quiz has been taken 36 times
  • The average score is 15 of 20
Answer Stats
Track Listing Original Album Song Name % Correct
Track 6 Hybrid Theory In The End
96%
Track 19 Meteora Numb
96%
Track 3 Collision Course Numb/Encore
96%
Track 4 Hybrid Theory Papercut
92%
Track 13 Minutes To Midnight What I've Done
88%
Track 1 Hybrid Theory Crawling
85%
Track 2 Meteora Faint
85%
Track 5 Meteora Breaking The Habit
81%
Track 12 LIVING THINGS Burn It Down
77%
Track 16 Transformers: Revenge of the Fallen - The Album New Divide
77%
Track 11 One More Light One More Light
73%
Track 8 Meteora Somewhere I belong
73%
Track 7 Minutes To Midnight Bleed It Out
69%
Track 10 LIVING THINGS CASTLE OF GLASS
69%
Track 18 Lost Demos / Meteora 20th Anniversary Edition Lost
69%
Track 15 Hybrid Theory One Step Closer
69%
Track 9 A Thousand Suns Waiting For The End
62%
Track 17 Minutes To Midnight Leave Out All The Rest
54%
Track 20 Papercuts (Previously Unreleased) Friendly Fire
46%
Track 14 LP Underground 6.0 QWERTY
46%
No matching quizzes found
Score Distribution
Percent of People with Each Score
Percentile by Number Answered
Your Score History
You have not taken this quiz